| 000 | 01142nam a22002777a 4500 | ||
|---|---|---|---|
| 999 |
_c63490 _d63490 |
||
| 005 | 20240530110644.0 | ||
| 008 | 171105s2016 ua ak g b 000 0 ara d | ||
| 017 |
_a2016/20044 _bمصر. دار الكتب |
||
| 020 | _a9789777220842 | ||
| 040 |
_aEG-CaGPL _cEG-CaGPL |
||
| 082 | 0 | 4 |
_221 _a379 / _bم ت |
| 100 | 0 | _aمحمد صادق اسماعيل | |
| 245 | 1 | 0 |
_aتطوير المؤسسات التعليمية فى ضوء مفاهيم الجودة الشاملة / _cمحمد صادق اسماعيل |
| 250 | _aط.1 | ||
| 260 |
_aالقاهرة : _bالمجموعة العربية للتدريب و النشر ، _c2016. |
||
| 300 |
_a183 ص. : _bايض ؛ _c24 سم. |
||
| 504 | _aيشتمل على ارجاعات ببليوجرافية | ||
| 650 | 0 | 7 |
_2qrmak _aالتعليم _xاغراضة واهدافة |
| 650 | 0 | 7 |
_2qrmak _aالمدارس _xتنظيم وادارة |
| 650 | 0 | 7 |
_2qrmak _aالوسائل التعليمية |
| 650 | 0 | 7 |
_2qrmak _aالسياسة التعليمة |
| 651 | _2qrmak | ||
| 653 | 0 | _aالمؤسسات العليمية - تطوير | |
| 942 |
_2ddc _cBK |
||